00670nam a22001937a 4500999001900000005001700019010001500036020002700051035001400078037001300092082001000105100002300115245005200138260003700190270007700227300002700304942002400331952012100355 c191857d19185720220906101905.0 aENG-134929 a9789350570463c1395.00 aEN-118461 bDBAD/PUB a641.5 aAgarwaal, Radhicka aThe Daily Gourment Cookbook/cRadhicka Agarwaal aNew DelhibV& S Publishersc2013 aF-2/16, Ansari Road, DaryaganjbNew Delhie110002minfo@vspublishers.com a188p.bIndexc29cm(hb) 2ddccENh641.5mAGA 001040718REFaAVbAVd2022-09-06eDBAD/PUBg1395.00l0o641.5 AGApEN-118461r2022-09-06 00:00:00t1v1395.00yEN